| 000 | 00541nam a2200157 i 4500 | ||
|---|---|---|---|
| 001 | 85421 | ||
| 003 | ES-MaACL | ||
| 007 | t| | ||
| 008 | 041129s1912 sp ||||1| spa d | ||
| 100 | 1 |
_aJiménez Catalán, Manuel. _966481 |
|
| 245 | 1 | 0 |
_aApuntes para una bibliografía ilerdense de los siglos XV al XVIII / _cpor Manuel Jiménez Catalán ; con una carta prologal de Luis Deztany. |
| 260 |
_aBarcelona : _b[s.n., _c1912] ( _fL'Avenç) |
||
| 300 |
_a305 p., 26 lám. ; _c19 cm. |
||
| 700 | 1 |
_aDeztany, Luis. _944064 |
|
| 852 |
_aES-MaACL _jG-618 |
||
| 999 |
_c85421 _d85421 |
||